| 000 | 00671nam a2200229 i 4500 | ||
|---|---|---|---|
| 001 | C2-0308556 | ||
| 003 | PPAK | ||
| 005 | 20180728095424.0 | ||
| 008 | 110508s1978 my |||| ||||| | may d | ||
| 040 |
_aPPAK _beng _cPPAK _erda |
||
| 082 | 0 | 4 |
_a959.5119 _223 |
| 090 | 0 | 0 |
_a959.5119 _bGHA _dKMI |
| 100 | 0 |
_aGhazali Mayudin, _eauthor |
|
| 245 | 1 | 0 | _aJohor semasa pendudukan Jepun 1942-1945 |
| 264 | 1 |
_aBangi, Selangor : _bJabatan Sejarah Universiti Kebangsaan Malaysia , _c1978 |
|
| 300 |
_axvii, 80 pages ; _c21 cm |
||
| 336 |
_2rdacontent _atext |
||
| 337 |
_2rdamedia _aunmediated |
||
| 338 |
_2rdacarrier _avolume |
||
| 650 | 1 | 0 | _aJohor - History. |
| 942 |
_ddc _cB |
||
| 999 |
_c111159 _d111159 |
||